School psychology for the 21st century : (Record no. 117957)
[ view plain ]
| 000 -LEADER | |
|---|---|
| fixed length control field | 00611nam a2200181Ia 4500 |
| 008 - FIXED-LENGTH DATA ELEMENTS--GENERAL INFORMATION | |
| fixed length control field | 140609s9999 xx 000 0 und d |
| 020 ## - INTERNATIONAL STANDARD BOOK NUMBER | |
| International Standard Book Number | 9781609187521 |
| 050 ## - LIBRARY OF CONGRESS CALL NUMBER | |
| Classification number | LB 1027.55 |
| Item number | .M47 2012 |
| 100 ## - MAIN ENTRY--PERSONAL NAME | |
| Personal name | Merrell, Kenneth W. |
| 245 ## - TITLE STATEMENT | |
| Title | School psychology for the 21st century : |
| Remainder of title | foundations and practices / |
| Statement of responsibility, etc | Kenneth W. Merrell, Ruth A. Ervin, Gretchen Gimpel Peacock |
| 250 ## - EDITION STATEMENT | |
| Edition statement | 2nd ed. |
| 260 ## - PUBLICATION, DISTRIBUTION, ETC. (IMPRINT) | |
| Place of publication, distribution, etc | New York : |
| Name of publisher, distributor, etc | Guilford Press, |
| Date of publication, distribution, etc | c2012. |
| 300 ## - PHYSICAL DESCRIPTION | |
| Extent | 380 p. ; |
| Dimensions | 26 cm. |
| 500 ## - GENERAL NOTE | |
| General note | Includes appendix, bibliographical references and index. |
| 521 ## - TARGET AUDIENCE NOTE | |
| Target audience note | |
| 942 ## - ADDED ENTRY ELEMENTS (KOHA) | |
| Call number prefix | Foreign |
| Koha item type | Books |
| Withdrawn status | Lost status | Damaged status | Home library | Current library | Shelving location | Date acquired | Cost, normal purchase price | Total Checkouts | Full call number | Barcode | Date last seen | Price effective from | Koha item type |
|---|---|---|---|---|---|---|---|---|---|---|---|---|---|
| College Library | College Library | Reserve Section | 06/09/2014 | 3876.00 | LB 1027.55 .M47 2012 | C18245 | 05/15/2018 | 06/09/2014 | Books |